000
00259nam a22001217a 4500
008
171002b xxu||||| |||| 00| 0 eng d
041
_a
eng
080
_a
37
100
_a
47
101
_a
EDU
245
_a
METHODS IN ACTION
_c
ZELEZNY.L.C
942
_2
udc
_c
BK
999
_c
31111
_d
31111